Stolice świata - Europa - Statystyki

Ogólne statystyki
  • Ten quiz został rozwiązany 4 razy
  • Średni wynik to 2 z 55
Statystyki odpowiedzi
Obrazkowy Odpowiedź % Poprawnych
Watykan
67%
Berlin
33%
Gibraltar
33%
Kijów
33%
Londyn
33%
Moskwa
33%
Amsterdam
0%
Andora
0%
Ankara
0%
Astana
0%
Ateny
0%
Belgrad
0%
Berno
0%
Bratysława
0%
Bruksela
0%
Budapeszt
0%
Bukareszt
0%
Douglas
0%
Dublin
0%
Haga
0%
Helsinki
0%
Kiszyniów
0%
Kopenhaga
0%
Lizbona
0%
Longyearbyen
0%
Lublana
0%
Luksemburg
0%
Madryt
0%
Mińsk
0%
Monako
0%
Oslo
0%
Paryż
0%
Podgorica
0%
Praga
0%
Prisztina
0%
Reykjavík
0%
Ryga
0%
Rzym
0%
Saint Helier
0%
Saint Peter Port
0%
San Marino
0%
Sarajewo
0%
Skopje
0%
Sofia
0%
Sztokholm
0%
Tallinn
0%
Thorshavn
0%
Tirana
0%
Tyraspol
0%
Vaduz
0%
Valletta
0%
Warszawa
0%
Wiedeń
0%
Wilno
0%
Zagrzeb
0%
Nie znaleziono quizów pasujących do podanych kryteriów
Rozkład punktacji
Procent ludzi z każdym wynikiem
Percentyl według liczby udzielonych odpowiedzi
Twoja historia wyników
Nie rozwiązałeś tego quizu